000 00610 a2200169 4500
999 _c3908
_d3908
020 _a9780521008174
050 _aPR2839 INN 2002
100 _aInnes, Sheila
_eauthor
245 _aShakespeare, the winter's tale/
_cSheila Innes
264 _aNew York
_bCambriidge University Press
_c2002
300 _a128p. :
440 _aCambridge student guide series
500 _aIncludes bibliographical references
650 _aShakespeare, William, 1564-1616. Winter's tale.
_xShakespeare, William, 1564-1616 -- Criticism and interpretation.
700 _aGibson, Rex
_eseries editor
942 _2lcc
_cBK
_h2839
_iINN
_kPR